| 000 | 00719nam a22002417a 4500 | ||
|---|---|---|---|
| 003 | BD-DhJNU | ||
| 005 | 20250730052709.0 | ||
| 008 | 250730b |||||||| |||| 00| 0 eng d | ||
| 040 |
_aBD-DhJNU _bENG _cBD-DhJNU _dBD-DhJNU |
||
| 082 |
_223 _a959 COM |
||
| 100 | _aCoedès, G. | ||
| 245 |
_a The Making of South East Asia / _cG. Coedès ; translated by H. M. Wright |
||
| 260 |
_aLondon : _bRoutledge & Kegan Paul, _c1967. |
||
| 300 |
_axvi, 268p. : _bill. ; _c21 cm. |
||
| 504 | _aIncludes index | ||
| 650 | _a Asia | ||
| 650 | _aAsie du Sud-Est Histoire | ||
| 650 | _aElectronic books | ||
| 650 | _aHistory | ||
| 650 | _aSoutheast Asia History | ||
| 700 |
_aWright, H. M. _etranslator |
||
| 942 |
_2ddc _cBK _n0 |
||
| 999 |
_c1958 _d1958 |
||